Chinese made easy : (Record no. 592277)

000 -LEADER
fixed length control field 00542nam a22001817a 4500
003 - CONTROL NUMBER IDENTIFIER
control field NUST
005 - DATE AND TIME OF LATEST TRANSACTION
control field 20221110115935.0
008 - FIXED-LENGTH DATA ELEMENTS--GENERAL INFORMATION
fixed length control field 221110b ||||| |||| 00| 0 eng d
020 ## - INTERNATIONAL STANDARD BOOK NUMBER
International Standard Book Number 9789694949765
082 ## - DEWEY DECIMAL CLASSIFICATION NUMBER
Classification number 495.113,JAV
100 ## - MAIN ENTRY--PERSONAL NAME
Personal name Javed, Syed Hasan
245 ## - TITLE STATEMENT
Title Chinese made easy :
Remainder of title spoken chinese in hundred lessons /
Statement of responsibility, etc. Syed Hasan Javed,
250 ## - EDITION STATEMENT
Edition statement 2nd edition
260 ## - PUBLICATION, DISTRIBUTION, ETC.
Place of publication, distribution, etc. Karachi
Name of publisher, distributor, etc. Paramount Books,
Date of publication, distribution, etc. 2016
300 ## - PHYSICAL DESCRIPTION
Extent xiii, 187 p
505 ## - FORMATTED CONTENTS NOTE
Formatted contents note Spoken chinese in 100 lessons (Chinese, English, Urdu).
942 ## - ADDED ENTRY ELEMENTS (KOHA)
Source of classification or shelving scheme
Koha item type Book
Holdings
Withdrawn status Lost status Source of classification or shelving scheme Damaged status Not for loan Permanent Location Current Location Shelving location Date acquired Total Checkouts Full call number Barcode Date last seen Date last checked out Price effective from Koha item type Public note
          Military College of Signals (MCS) Military College of Signals (MCS) General Stacks 11/10/2022 1 495.113,JAV MCS38084 02/06/2026 01/02/2026 11/10/2022 Book Almirah No.54, Shelf No.6
© 2023 Central Library, National University of Sciences and Technology. All Rights Reserved.